MCSE Training Guide: TCP/IP (Record no. 209252)

000 -LEADER
fixed length control field 00363 a2200133 4500
003 - CONTROL NUMBER IDENTIFIER
control field Nust
005 - DATE AND TIME OF LATEST TRANSACTION
control field 20170207164545.0
020 ## - INTERNATIONAL STANDARD BOOK NUMBER
International Standard Book Number 1-56205-747-2
040 ## - CATALOGING SOURCE
Transcribing agency Nust
245 ## - TITLE STATEMENT
Title MCSE Training Guide: TCP/IP
Statement of responsibility, etc. Emmett Dulaney john white Sherwood Lawrence raymond williams Robert Scrimger
260 ## - PUBLICATION, DISTRIBUTION, ETC.
Place of publication, distribution, etc. USA
Name of publisher, distributor, etc. New Riders Publishing
Date of publication, distribution, etc. 1998
300 ## - PHYSICAL DESCRIPTION
Extent 674p
500 ## - GENERAL NOTE
General note E Book
942 ## - ADDED ENTRY ELEMENTS (KOHA)
Source of classification or shelving scheme
Koha item type Book
Holdings
Withdrawn status Lost status Source of classification or shelving scheme Damaged status Not for loan Collection code Permanent Location Current Location Date acquired Total Checkouts Full call number Barcode Date last seen Price effective from Koha item type
            Military College of Signals (MCS) Military College of Signals (MCS) 12/12/2016   005.1 MCSEB-1090 12/08/2016 12/12/2016 Book
© 2023 Central Library, National University of Sciences and Technology. All Rights Reserved.